ბათუმის შოთა რუსთაველის სახელმწიფო უნივერსიტეტის ბიბლიოთეკა

Реферативный журнал, №10.2016.биология. (ბიბ.ჩანაწერი № 51721)

000 -LEADER
fixed length control field 00806nam a2200229Ia 4500
001 - CONTROL NUMBER
control field 18712
003 - CONTROL NUMBER IDENTIFIER
control field GE_BSU
008 - FIXED-LENGTH DATA ELEMENTS--GENERAL INFORMATION
fixed length control field 181216s||||||||xx |||||||||||||| ||und||
040 ## - CATALOGING SOURCE
Transcribing agency GE_BSU
245 ## - TITLE STATEMENT
Title Реферативный журнал, №10.2016.биология.
245 ## - TITLE STATEMENT
Remainder of title Раздел. Ботаника.Высшие растения.
245 ## - TITLE STATEMENT
Statement of responsibility, etc. гл.ред.РАН Р.В.Петров и др.
250 ## - EDITION STATEMENT
Edition statement Всероссийский институт научно технической информации
260 ## - PUBLICATION, DISTRIBUTION, ETC.
Place of publication, distribution, etc. Москва
260 ## - PUBLICATION, DISTRIBUTION, ETC.
Name of publisher, distributor, etc. винити
260 ## - PUBLICATION, DISTRIBUTION, ETC.
Date of publication, distribution, etc. 2016
300 ## - PHYSICAL DESCRIPTION
Extent 48ст;29см.
520 ## - SUMMARY, ETC.
Summary, etc. выходит 12 паз в год
653 ## - INDEX TERM--UNCONTROLLED
Uncontrolled term Реферативный журнал,биология.
653 ## - INDEX TERM--UNCONTROLLED
Uncontrolled term პერიოდიკა
942 ## - ADDED ENTRY ELEMENTS (KOHA)
Koha item type პერიოდიკა
ეგზემპლარები
Withdrawn status Lost status Damaged status Not for loan Date acquired Barcode Date last seen Price effective from Koha item type
        2018-12-17 P78066 2018-12-17 2018-12-17 პერიოდიკა